Arquitectura, Álvaro Siza (Record no. 187395)
[ view plain ]
| 000 -LEADER | |
|---|---|
| campo de control de longitud fija | 01029nam a2200241 i 4500 |
| 001 - NÚMERO DE CONTROL | |
| campo de control | 187395 |
| 003 - IDENTIFICADOR DE NÚMERO DE CONTROL | |
| campo de control | SpMaBN |
| 005 - FECHA Y HORA DE LA ÚLTIMA TRANSACCIÓN | |
| campo de control | 20230906222917.0 |
| 008 - DATOS DE LONGITUD FIJA--INFORMACIÓN GENERAL | |
| campo de control de longitud fija | 170628s1990 po ae c |||| |dspa d |
| 020 ## - NÚMERO INTERNACIONAL ESTÁNDAR DEL LIBRO | |
| Número Internacional Estándar del Libro | 972-27-0654-3 |
| 080 ## - NÚMERO DE LA CLASIFICACIÓN DECIMAL UNIVERSAL | |
| Número de la Clasificación Decimal Universal | 72 Siza, Álvaro (060.64) |
| 100 1# - ENTRADA PRINCIPAL--NOMBRE DE PERSONA | |
| Nombre de persona | Siza, Álvaro. |
| 9 (RLIN) | 153212 |
| 245 10 - MENCIÓN DEL TÍTULO | |
| Título | Arquitectura, Álvaro Siza |
| Resto del título | : [álbum de la exposición] : 25 octubre-30 diciembre 1990, Galería de Exposiciones del MOPU, Dirección General para la Vivienda y Arquitectura, Madrid / |
| Mención de responsabilidad, etc. | Álvaro Siza. |
| 246 35 - FORMA VARIANTE DEL TITULO | |
| Texto de visualización | Tít. del cuaderno anejo |
| Título propio/Titulo breve | Arquitectura 1980-1990 |
| 260 ## - PUBLICACIÓN, DISTRIBUCIÓN, ETC. | |
| Lugar de publicación, distribución, etc. | Lisboa : |
| Nombre del editor, distribuidor, etc. | Imprensa Nacional-Casa da Moeda, |
| Fecha de publicación, distribución, etc. | [1990] |
| 300 ## - DESCRIPCIÓN FÍSICA | |
| Extensión | 47 p. : |
| Otras características físicas | il. col. y n. ; |
| Dimensiones | 30 cm + |
| Material acompañante/anejo | 1 cuaderno (17 p.: il., planos) |
| 600 17 - PUNTO DE ACCESO ADICIONAL DE MATERIA--NOMBRE DE PERSONA | |
| Nombre de persona | Siza, Álvaro- |
| Subdivisión de forma | Exposiciones. |
| 9 (RLIN) | 153213 |
| 655 #7 - TERMINO DE INDIZACIÓN--GENERO/FORMA | |
| Fuente del término | tgfbne |
| 9 (RLIN) | 193628 |
| Datos o término principal de género/forma | Catálogos de exposiciones |
| 710 1# - ENTRADA AGREGADA--NOMBRE DE ENTIDAD CORPORATIVA | |
| Nombre de entidad corporativa o nombre de jurisdicción como elemento de entrada | España. |
| Unidad subordinada | Dirección General para la Vivienda y Arquitectura. |
| 9 (RLIN) | 161292 |
| 852 ## - LOCALIZACIÓN | |
| Ubicación | ES-MaACL |
| Número de control de estantería | 2323-F-20(1-2) |
| 942 ## - ELEMENTOS DE ENTRADA SECUNDARIOS (KOHA) | |
| Fuente del sistema de clasificación o colocación | Clasificación decimal universal |
| Estatus retirado | Estado de pérdida | Estado de daño | No para préstamo | Colección | Biblioteca de origen | Biblioteca actual | Ubicación en estantería | Fecha de adquisición | Fuente de adquisición | Total de préstamos | Signatura topográfica completa | Código de barras | Visto por última vez | Precio de reemplazo | Tipo de ítem Koha |
|---|---|---|---|---|---|---|---|---|---|---|---|---|---|---|---|
| Colección de folletos | Biblioteca del Ateneo de Madrid | Biblioteca del Ateneo de Madrid | Depósito folletos | 28/06/2017 | 2323-F-20(1-2) | 1197809 | 23/02/2023 | 23/02/2023 | Folleto |
